000 00738nam a2200193 i 4500
001 32081
003 ES-MaACL
005 20230906154516.0
007 t|
008 030214s1888 sp ||||1| spa d
100 1 _aCantón Salazar, Leocadio.
_934682
245 1 0 _aApuntes para una guía de Burgos /
_cL. Cantón Salazar ; comprobados y anotados por Julio García de Quevedo.
260 _aBurgos :
_b[s.n.],
_c1888 (
_fImp. y Lib. de S. Rodríguez Alonso)
300 _a95 p. ;
_c18 cm.
505 8 _aContiene: La Catedral, la Cartuja, el Real Monasterio de las Huelgas y el Hospital del Rey
651 4 _aBurgos-
_xEdificios, estructuras, etc.
_9151307
700 1 _aGarcía de Quevedo, Julio.
_954493
852 _aES-MaACL
_jT-761-F-2
999 _c32081
_d32081